Sia - Breathe Me - Statistics

General Stats
  • This quiz has been taken 63 times
  • The average score is 91 of 120
Answer Stats
Lyric % Correct
I
100%
me,
100%
me
100%
breathe
96%
my
93%
Be
89%
be
89%
am
86%
And
86%
and
86%
it
86%
myself
86%
up
82%
again
79%
friend
79%
have
79%
is
79%
to
79%
the
75%
been
71%
here
71%
Hold
71%
Hurt
71%
no
71%
before
68%
done
68%
small
68%
Help
64%
times
64%
today
64%
wrap
64%
lost
61%
Lost
61%
many
61%
one
61%
part
61%
worst
61%
blame
54%
else
54%
that
54%
there's
54%
needy,
50%
think
50%
Unfold
46%
found
43%
warm
39%
Ouch,
36%
might
32%
Yeah,
32%
break
29%
feel
29%
nowhere
29%
unsafe
25%
No matching quizzes found
Score Distribution
Percent of People with Each Score
Percentile by Number Answered
Your Score History
You have not taken this quiz